| 000 | 00000nam 2200000zi 4500 |
| 001 | 9.932688 |
| 003 | CaOODSP |
| 005 | 20240403105241 |
| 006 | m o d f |
| 007 | cr |n||||||||| |
| 008 | 240118e20230925onc ob f|0| 0 fre d |
| 040 | |aCaOODSP|bfre|erda|cCaOODSP |
| 043 | |an-cn--- |
| 086 | 1 |aYM32-3/441-S242F-PDF |
| 100 | 1 |aFan, Dana, |eauteur. |
| 245 | 10|aProjet de loi S-242 : |bLoi modifiant la Loi sur la radiocommunication / |cDana Fan et Sarah Lemelin-Bellerose. |
| 246 | 3 |aRésumé législatif du projet de loi S-242 : |bLoi modifiant la Loi sur la radiocommunication |
| 250 | |aVersion préliminaire. |
| 264 | 1|aOttawa : |bBibliothèque du Parlement = Library of Parliament, |cle 25 septembre 2023. |
| 264 | 4|c©2023 |
| 300 | |a1 ressource en ligne (i, 5 pages). |
| 336 | |atexte|btxt|2rdacontent/fre |
| 337 | |ainformatique|bc|2rdamedia/fre |
| 338 | |aressource en ligne|bcr|2rdacarrier/fre |
| 490 | 1 |aRésumé législatif ; |v44-1-S242-F |
| 500 | |aPublié aussi en anglais sous le titre : Bill S-242 : an Act to amend the Radiocommunication Act. |
| 500 | |aTitre de la couverture. |
| 504 | |aComprend des références bibliographiques (page 5). |
| 610 | 16|aCanada. |tLoi sur la radiocommunication. |
| 650 | 6|aPermis, licences, etc.|zCanada. |
| 710 | 1 |aCanada. |bBibliothèque du Parlement, |eorganisme de publication. |
| 710 | 1 |aCanada. |bService d'information et de recherche parlementaires, |eorganisme de publication. |
| 775 | 08|tBill S-242 : |w(CaOODSP)9.932685 |
| 794 | |tProjet de loi S-242 : |bLe 5 octobre 2023|w(CaOODSP)9.936264 |
| 830 | #0|aRésumé législatif (Canada. Services d'information, d'éducation et de recherche parlementaires)|v44-1-S242-F.|w(CaOODSP)9.501179 |
| 856 | 40|qPDF|s485 Ko|uhttps://publications.gc.ca/collections/collection_2024/bdp-lop/ls/YM32-3-441-S242-fra.pdf |